Applied Discrete Structure for Computer Science (Record no. 5146)

MARC details
000 -LEADER
fixed length control field 00466nam a2200169Ia 4500
003 - CONTROL NUMBER IDENTIFIER
control field SGT
020 ## - INTERNATIONAL STANDARD BOOK NUMBER
International Standard Book Number 9788175156159
082 ## - DEWEY DECIMAL CLASSIFICATION NUMBER
Classification number 4.0151
Item number DOE
100 ## - MAIN ENTRY--PERSONAL NAME
Personal name Doerr,A
245 ## - TITLE STATEMENT
Title Applied Discrete Structure for Computer Science
260 ## - PUBLICATION, DISTRIBUTION, ETC. (IMPRINT)
Name of publisher, distributor, etc Galgotia Publications Pvt. Ltd.
Place of publication, distribution, etc N.Delhi
Year of Publication 2010
300 ## - PAGE DESCRIPTION
No. of Pages 523p.
650 ## - SUBJECT ADDED ENTRY--TOPICAL TERM
Topical term or geographic name as entry element COMPUTER SCIENCE
653 ## - KEYWORDS--INDEX TERM
Keyword term SET THEORY COMBINATORICS,LOGIC,INTRODUCTION,RELATIONS,FUNCTIONS
700 ## - ADDED ENTRY--PERSONAL NAME
Personal name Levasseur,K
942 ## - ADDED ENTRY ELEMENTS (KOHA)
Source of classification or shelving scheme Dewey Decimal Classification
Koha item type Books
Holdings
Withdrawn status Lost status Source of classification or shelving scheme Damaged status Not for loan Home library Current library Date acquired SGTU Total Checkouts Full call number Accession No. (Barcode) Date last seen Bill Date Koha item type Date last borrowed
    Dewey Decimal Classification     SGT Engineering Library SGT Engineering Library 24/06/2011 SGTU   4.0151 DOE FE2887 09/02/2015 09/02/2015 Books  
    Dewey Decimal Classification     SGT Engineering Library SGT Engineering Library 24/06/2011 SGTU   4.0151 DOE FE2888 09/02/2015 09/02/2015 Books  
    Dewey Decimal Classification     SGT Engineering Library SGT Engineering Library 24/06/2011 SGTU   4.0151 DOE FE2889 09/02/2015 09/02/2015 Books  
    Dewey Decimal Classification     SGT Engineering Library SGT Engineering Library 24/06/2011 SGTU   4.0151 DOE FE2890 09/02/2015 09/02/2015 Books  
    Dewey Decimal Classification     SGT Engineering Library SGT Engineering Library 24/06/2011 SGTU 1 4.0151 DOE FE2891 02/07/2025 09/02/2015 Books 02/07/2025